| 000 | 00508nam a2200145Ia 4500 | ||
|---|---|---|---|
| 008 | 140724s9999 xx 000 0 und d | ||
| 050 |
_aPN 1992.95 _b.Qu6 2013 |
||
| 100 | _aQuijano, Anthony Chris P. | ||
| 245 | 4 |
_aThe pouch program and its beneficiaries a video documentary / _cAnthony Chris P. Quijano. |
|
| 260 |
_aLas PiƱas, Philippines : _bSouthville International School and Colleges, _cc2013. |
||
| 300 |
_a65 p. : _bill. ; _c28 cm. |
||
| 521 | _aMass Communication | ||
| 942 | _cTH | ||
| 999 |
_c229181 _d229181 |
||